000 00959nam0a22002651 4500
001 rc\2829879
005 20250529201155.0
035 _a(NLR Aleph) 006987879
090 _a5597143
_c5597143
100 _a20110624d1932 |||y0rusy50 ca
101 0 _arus
102 _aRU
105 _aa z |||||
200 1 _aКороткобазные оптические дальномеры
_fА.Н. Захарьевский
_gГос. Оптич. ин-т
210 _aЛенинград
_cСектор техпропаганды ГОИ
_d1932
215 _a[2], 152, 8 с., 43 л. ил., табл., черт.
_cил., табл., черт.
_d31 см
300 _aБез тит. л. Описано по обл.
300 _aЛитогр.
700 1 _aЗахарьевский
_bА.Н.
_gАлександр Николаевич
801 0 _aRU
_bNLR
_gpsbo
801 1 _aRU
_bELAR
_2rusmarc
852 _aNLR
_jВ60 В-7/1
942 _cBOOK
980 _aNB